LIBRARY ONLINE CATALOGUE

Milk and Dairy Products in Human Nutrition (Record no. 18685)

MARC details
000 -LEADER
fixed length control field 00498nam a22001577a 4500
008 - FIXED-LENGTH DATA ELEMENTS--GENERAL INFORMATION
fixed length control field 210111b xxu||||| |||| 00| 0 eng d
020 ## - INTERNATIONAL STANDARD BOOK NUMBER
International Standard Book Number 9251078631
050 ## - LIBRARY OF CONGRESS CALL NUMBER
Classification number QP144
Item number .M55 2013 c.1
245 ## - TITLE STATEMENT
Title Milk and Dairy Products in Human Nutrition
Statement of responsibility, etc. Edited by Ellen Muehlhoff, Anthony Bennett, Deirdre McMahon
260 ## - PUBLICATION, DISTRIBUTION, ETC. (IMPRINT)
Place of publication, distribution, etc. Rome
Name of publisher, distributor, etc. FAO
Date of publication, distribution, etc. 2013
300 ## - PHYSICAL DESCRIPTION
Extent xxvi, 376p.
650 ## - SUBJECT ADDED ENTRY--TOPICAL TERM
Topical term or geographic name as entry element Milk in human nutrition
650 ## - SUBJECT ADDED ENTRY--TOPICAL TERM
Topical term or geographic name as entry element Dairy products in human nutrition
650 ## - SUBJECT ADDED ENTRY--TOPICAL TERM
Topical term or geographic name as entry element Milk
Form subdivision analysis
942 ## - ADDED ENTRY ELEMENTS (KOHA)
Source of classification or shelving scheme Library of Congress Classification
Koha item type General Collection
Holdings
Withdrawn status Lost status Source of classification or shelving scheme Not for loan Home library Current library Date acquired Cost, normal purchase price Total Checkouts Full call number Barcode Date last seen Price effective from Koha item type
    Library of Congress Classification   Kabarak, Main Campus Kabarak, Main Campus 11/01/2021 7316.00   QP144 .M55 2013 c.1 029384 11/01/2021 11/01/2021 General Collection